উচ্চ মাধ্যমিক পদার্থবিজ্ঞান (ব্যবহারিক) : (Record no. 8277)
[ view plain ]
| 000 -LEADER | |
|---|---|
| fixed length control field | 00883nam a22002297a 4500 |
| 001 - CONTROL NUMBER | |
| JCCL Control Number | 8277 |
| 003 - CONTROL NUMBER IDENTIFIER | |
| JCCL marc code | BD-JhCC |
| 005 - DATE AND TIME OF LATEST TRANSACTION | |
| control field | 20180419191419.0 |
| 008 - FIXED-LENGTH DATA ELEMENTS--GENERAL INFORMATION | |
| fixed length control field | 180220b1999 bg ||||| |||| 00| 0 ben d |
| 035 ## - SYSTEM CONTROL NUMBER | |
| system control number | (BD-JhCC)8277 |
| 040 ## - CATALOGING SOURCE | |
| Original cataloging agency | BD-JhCC |
| Modifying agency | BD-JhCC |
| 041 ## - LANGUAGE CODE | |
| Language code of Book | ben |
| 082 ## - DEWEY DECIMAL CLASSIFICATION NUMBER | |
| Classification number | 530.00 |
| Author mark and Year | KHA 1999 |
| 100 ## - MAIN ENTRY--PERSONAL NAME | |
| Personal name | খান, ডঃ আমির হোসেন |
| 245 ## - TITLE STATEMENT | |
| Title | উচ্চ মাধ্যমিক পদার্থবিজ্ঞান (ব্যবহারিক) : |
| Remainder of title | প্রথম ও দ্বিতীয় পত্র / |
| Statement of responsibility, etc | ডঃ আমির হোসেন খান; মোহাম্মদ ইসহাক |
| 260 ## - PUBLICATION, DISTRIBUTION, ETC. (IMPRINT) | |
| Place of publication, distribution, etc | ঢাকাঃ |
| Name of publisher, distributor, etc | আইডিয়াল লাইব্রেরী |
| Date of publication, distribution, etc | 1999 |
| 300 ## - PHYSICAL DESCRIPTION | |
| Pagination | 147 p. : |
| Dimensions | 24 cm. |
| 650 ## - SUBJECT ADDED ENTRY--TOPICAL TERM | |
| Topical term or geographic name as entry element | Physics |
| 700 ## - ADDED ENTRY--PERSONAL NAME | |
| Personal name | ইসহাক, মোহাম্মদ |
| 942 ## - ADDED ENTRY ELEMENTS (KOHA) | |
| Source of classification or shelving scheme | Dewey Decimal Classification |
| Koha item type | Books |
| Source of classification or shelving scheme | Damaged status | Not for loan | Home library | Current library | Shelving location | Date of accession | Cost, normal purchase price | Total Checkouts | Full call number | Barcode | Date last seen | Copy number | Koha item type |
|---|---|---|---|---|---|---|---|---|---|---|---|---|---|
| Dewey Decimal Classification | JCC Rouf Library | JCC Rouf Library | General Stacks | 02/20/2018 | 50.00 | 530.00 KHA 1999 | 10759 | 02/20/2018 | C-1 | Books | |||
| Dewey Decimal Classification | JCC Rouf Library | JCC Rouf Library | General Stacks | 02/20/2018 | 50.00 | 530.00 KHA 1999 | 10758 | 02/20/2018 | C-2 | Books | |||
| Dewey Decimal Classification | JCC Rouf Library | JCC Rouf Library | General Stacks | 02/24/2018 | 50.00 | 530.00 KHA 1999 | 10777 | 02/24/2018 | C-3 | Books |